| 000 | 01542nam a2200481 i 4500 | ||
|---|---|---|---|
| 001 | 38238 | ||
| 003 | KOSZ 005 | ||
| 005 | 20240405063122.0 | ||
| 008 | 000619s2000 pl a |000 0 pol | ||
| 015 | _aUWD 2000/13403 | ||
| 020 | _a8386815647 | ||
| 035 | _a991014132679705066 | ||
| 035 | _a(PL-WaBN)b13798157-48omnis_nlop | ||
| 035 | _ab13798157 | ||
| 035 | _a(OCoLC)77511500 | ||
| 035 | _azz2006958693 | ||
| 035 | _a(PL)b0000001379815 | ||
| 035 | _a(EXLNZ-48OMNIS_NETWORK)9910404080205606 | ||
| 040 |
_aWA N _cWA N _dKOSZ 005/HR |
||
| 041 | 0 |
_apol _beng _brus |
|
| 046 | _k2000 | ||
| 080 | _a338.43(438))"1944/..." | ||
| 100 | 1 |
_aWoś, Augustyn _d(1932-2010) _eAutor |
|
| 245 | 1 | 0 |
_aRolnictwo polskie 1945-2000 : _bporównawcza analiza systemowa / _cAugustyn Woś. |
| 260 |
_aWarszawa : _bInstytut Ekonomiki Rolnictwa i Gospodarki Żywnościowej, _c2000. |
||
| 300 |
_a130, [2] s. : _b2 il. ; _c24 cm. |
||
| 336 |
_aTekst _btxt _2rdacontent |
||
| 337 |
_aBez urządzenia pośredniczącego _bn _2rdamedia |
||
| 338 |
_aWolumin _bnc _2rdacarrier |
||
| 380 | _aKsiążki | ||
| 388 | _a1901-2000 | ||
| 388 | _a1989-2000 | ||
| 546 | _aStreszcz. ang., ros. | ||
| 648 | 7 | _a1901-2000 | |
| 648 | 7 | _a1945-1989 | |
| 648 | 7 | _a1989-2000 | |
| 650 | 7 |
_aRolnictwo _2DBN |
|
| 651 | _aPolska | ||
| 658 | _aRolnictwo i leśnictwo | ||
| 856 |
_uhttp://koha.tu.koszalin.pl/cgi-bin/koha/opac-detail.pl?biblionumber=38238 _yKatalog online BPK |
||
| 942 |
_2UKD _cKS |
||
| 999 |
_c38238 _d38238 |
||